This, But Not That XIV Quiz Stats

 Plays Quiz Updated May 13, 2019

Score 0/18 Timer 05:00
8 Plays Today
% Correct
Countries of Oceania
95.1%
Insects
86.6%
Bottled Water Brands
83.3%
Volkswagen Models
75.5%
Shoe Styles
74.9%
Hall of Fame Quarterbacks
73.9%
Pants Openings
73%
Team Sports
72.7%
Tractor Makers
72.1%
% Correct
Famous London Streets
71.9%
Food Professions
71.8%
Members of Red Hot Chili Peppers
69.2%
Girl Scout Cookies
67.2%
Crème de Menthe Cocktails
66.2%
Classic Atari Video Games
64.4%
Ways to Cut Meat
61.7%
Triple Crown Winners
61.4%
Ship Groups
61.1%

You're not logged in!

Compare scores with friends on all Sporcle quizzes.
OR
Log In

Sporcle TV

Today on Sporcle TV


Watch our educational content, quiz creation guides, and fun videos on Sporcle TV.

Show Comments

Extras

Top Quizzes Today


Score Distribution

Your Account Isn't Verified!

In order to create a playlist on Sporcle, you need to verify the email address you used during registration. Go to your Sporcle Settings to finish the process.

Report this User

Report this user for behavior that violates our Community Guidelines.

Details: